[Event "Just a big, fast round robin"]
[Site "SchemingMind.com"]
[Date "2008.12.15"]
[Round "-"]
[White "chessleon"]
[Black "Mikael Hakim"]
[Result "0-1"]
[WhiteCountry "NED"]
[BlackCountry "INT"]
[WhiteElo "1654"]
[WhiteRD "73"]
[BlackElo "1937"]
[BlackRD "84"]
[GameID "183433"]

1. c4 e5 2. Nc3 f5 3. g3 Nf6 4. Bg2 Nc6 5. e3 e4 6. d3 Bb4 7. Ne2 Ne5 8. dxe4 fxe4 9. O-O Nf3+ 10. Bxf3 exf3
11. Nd4 O-O 12. Nxf3 d6 13. Qb3 Bxc3 14. Qxc3 Bg4 15. Nd4 Bh3 16. Rd1 Ne4 17. Qb3 Rxf2 18. c5+ Kh8 19. Qd5 Rg2+ 20. Kf1 Qf6+
21. Nf5 Rxh2+ 22. Kg1 Rg2+ 23. Kf1 Rd2+ 24. Kg1 Rxd5 25. Rxd5 Bxf5 26. Kg2 Be6 27. Rd4 Qf2+ 28. Kh1 Nxg3#
0-1

[Event "Just a big, fast round robin"]
[Site "SchemingMind.com"]
[Date "2008.12.14"]
[Round "-"]
[White "drunkenmaster"]
[Black "Mikael Hakim"]
[Result "1-0"]
[WhiteCountry "PHI"]
[BlackCountry "INT"]
[WhiteElo "1958"]
[WhiteRD "72"]
[BlackElo "1937"]
[BlackRD "84"]
[GameID "183434"]

1. d4 Nf6 2. c4 g6 3. Nc3 Bg7 4. e4 O-O 5. Nf3 d6 6. Be2 e5 7. O-O Nc6 8. d5 Ne7 9. Nd2 Nd7 10. b4 f5
11. c5 Nf6 12. f3 f4 13. Nc4 g5 14. Ba3 a6 15. cxd6 cxd6 16. b5 Ne8 17. bxa6 b6 18. Qb3 Bxa6 19. Rab1 Bxc4 20. Bxc4 Nc8
21. Rfc1 g4 22. Be2 g3 23. h3 Rf7 24. Nb5 Nc7 25. Bb4 Nxb5 26. Bxb5 Na7 27. Bc6 Rb8 28. Qa3 Bf8 29. Rb2 Nc8 30. Rbc2 Ra7
31. Qb3 Ne7 32. Bb5 h5 33. a4 Kg7 34. Rc4 Kf6 35. Qa3 Ng6 36. Rc6
1-0

[Event "Just a big, fast round robin"]
[Site "SchemingMind.com"]
[Date "2008.12.14"]
[Round "-"]
[White "acbrasileiro"]
[Black "Mikael Hakim"]
[Result "1-0"]
[WhiteCountry "BRA"]
[BlackCountry "INT"]
[WhiteElo "1964"]
[WhiteRD "88"]
[BlackElo "1807"]
[BlackRD "117"]
[GameID "183435"]

1. Nf3 Nf6 2. b3 c5 3. Bb2 d5 4. Bxf6 exf6 5. e3 Bd6 6. d4 O-O 7. c4 dxc4 8. Bxc4 b5 9. Bd5 cxd4 10. Bxa8 dxe3
11. O-O
1-0

[Event "Just a big, fast round robin"]
[Site "SchemingMind.com"]
[Date "2008.12.14"]
[Round "-"]
[White "staunton64"]
[Black "Mikael Hakim"]
[Result "0-1"]
[WhiteCountry "FRA"]
[BlackCountry "INT"]
[WhiteElo "1698"]
[WhiteRD "75"]
[BlackElo "1937"]
[BlackRD "84"]
[GameID "183436"]

1. c4 e5 2. Nc3 Nc6 3. Nf3 Nf6 4. e4 Bb4 5. a3 Bxc3 6. bxc3 Nxe4 7. Qe2 Nf6 8. Nxe5 O-O 9. Nxc6 dxc6 10. Qd1 Re8+
11. Be2 Qe7 12. d3 Bg4 13. f3 Bf5 14. Kf2 Rad8 15. Ra2 Qd6 16. d4 c5 17. d5 h5 18. g3 Nd7 19. Bf4 Ne5 20. h3 f6
21. g4 hxg4 22. hxg4 Nxg4+ 23. Kg3 Ne5 24. Rh5 Bg6 25. Rh4 Qe7 26. Qh1 Kf7 27. Bf1 Bd3 28. Bxd3 Nxd3 29. Rg4 Rh8 30. Rh2 Rxh2
31. Qxh2 Qe1+ 32. Kg2 Qf2+ 33. Kh1 Qf1+ 34. Qg1 Nf2+ 35. Kh2 Qh3#
0-1